| 000 | 00414cam a2200169u 4500 | ||
|---|---|---|---|
| 082 |
_a512 _bALG _cNUST |
||
| 100 |
_aCentral text book corporation _939115 |
||
| 245 | 0 | 0 | _aAlgebra. |
| 260 | _c1972. | ||
| 300 | _ap. cm. | ||
| 500 | _aRomanized. | ||
| 526 |
_a0 _b0 _c0 _d512_000000000000000_ALG |
||
| 650 | 0 |
_aAlgebra. _98509 |
|
| 650 | 0 |
_aMCE _9379 |
|
| 700 | 1 |
_aVilenkin, N. I︠A︡. _939116 |
|
| 942 |
_2ddc _cBK |
||
| 999 |
_c543661 _d543661 |
||